000 00896nam a2200217Ia 4500
003 GCL
008 140319s9999 xx 000 0 ara d
040 _aGCL /
_cGCL
082 0 4 _a621.3
_bع ا
100 1 _aعبدالمنعم موسى
245 1 0 _aكابلات توزيع القوى الكهربائية التأريض الوقائى والحماية من الصواعق محولات القوى والتوزيع /
_cعبدالمنعم موسى
260 _a[S.N] :
_bدار الراتب الجامعية ،
_c1994
490 _aالاسس العلمية والخبرة العملية فى الهندسة
_v0
650 0 4 _aالكهرباء
650 0 4 _aالمحولات الكهربية
650 0 4 _aالطاقة الكهربائية
650 0 4 _aالهندسة الكهربية
650 0 4 _aموانع الصواعق
650 0 4 _aمواصفات الامان
942 _2ddc
_cBK
999 _c54777
_d54777